Praise the Lord (Record no. 124990)
[ view plain ]
| 000 -LEADER | |
|---|---|
| fixed length control field | 00394nam a22001337a 4500 |
| 008 - FIXED-LENGTH DATA ELEMENTS--GENERAL INFORMATION | |
| fixed length control field | 160812b xxu||||| |||| 00| 0 eng d |
| 050 ## - LIBRARY OF CONGRESS CALL NUMBER | |
| Classification number | BV360.T858 1967 |
| 245 ## - TITLE STATEMENT | |
| Title | Praise the Lord |
| Remainder of title | :with melody lines |
| Statement of responsibility, etc | /edited by Wilfrid Trotman |
| 250 ## - EDITION STATEMENT | |
| Edition statement | rev.ed. |
| 260 ## - PUBLICATION, DISTRIBUTION, ETC. (IMPRINT) | |
| Place of publication, distribution, etc | London |
| Name of publisher, distributor, etc | Geoffrey Chapman |
| Date of publication, distribution, etc | 1967 |
| 300 ## - PHYSICAL DESCRIPTION | |
| Extent | 141p.; |
| Dimensions | 20cm. |
| 650 ## - SUBJECT ADDED ENTRY--TOPICAL TERM | |
| Topical term or geographic name as entry element | Hymns, Catholic |
| 9 (RLIN) | 25010 |
| 942 ## - ADDED ENTRY ELEMENTS (KOHA) | |
| Source of classification or shelving scheme | Library of Congress Classification |
| Item type | Monograph ( Printed materials) |
| Withdrawn status | Lost status | Source of classification or shelving scheme | Damaged status | Not for loan | Collection code | Home library | Current library | Shelving location | Date acquired | Total Checkouts | Full call number | Barcode | Date last seen | Price effective from | Koha item type |
|---|---|---|---|---|---|---|---|---|---|---|---|---|---|---|---|
| Library of Congress Classification | Main Collection | ARRUPE LIBRARY | ARRUPE LIBRARY | Main Collection | 12/08/2016 | BV360.T858 1967 | 46500010436 | 24/01/2017 | 12/08/2016 | Monograph ( Printed materials) |